000 00530cam a2200157 4500500
005 20260405002027.0
041 _afre
042 _adc
100 1 0 _aUngerer, Tomi
_eauthor
245 0 0 _aPourquoi devons-nous aimer aussi les autres et pas seulement nous-mêmes ?
260 _c2015.
500 _a96
690 _aTomi Ungerer
786 0 _nPhilosophie magazine | 92 | 9 | 2015-09-01 | p. 13-13 | 1951-1787
856 4 1 _uhttps://shs.cairn.info/magazine-philosophie-magazine-2015-9-page-13?lang=fr&redirect-ssocas=7080
999 _c2053453
_d2053453